000 00218nam a22000857a 4500
008 160803b xxu||||| |||| 00| 0 eng d
100 _91
_aGoscinny R
245 _aFalling Sky
_bAsterix
260 _aUSA
_bOrion Publication
_c2004
999 _c2651
_d2651